| 000 | 00743nam a22001937a 4500 | ||
|---|---|---|---|
| 999 |
_c61648 _d61648 |
||
| 005 | 20240410101248.0 | ||
| 008 | 240408s2008 enk||||| |||| 00| 0 eng d | ||
| 020 | _a9780071468619x | ||
| 041 | _aeng | ||
| 080 | _a617 A-13 | ||
| 245 |
_aAbdominal Emergencies / _cEdited by David Cline, Latha Ganti. |
||
| 264 |
_aNew York: _bMcGraw Hill / Medical, _c2008. |
||
| 300 |
_a281 p.: _bill.; _c24 cm. |
||
| 653 | _aმუცლის ღრუს დაავადებების გადაუდებელი დახმარება | ||
| 653 | _aმედიცინა | ||
| 700 |
_aCline, David _eრედაქტორი _921734 |
||
| 700 |
_aGanti, Latha _eრედაქტორი _921735 |
||
| 942 |
_2udc _cᲬᲘᲒᲜᲘ |
||